ロード中...

Padinjaaran baalakadhakal /

書誌詳細
第一著者: Maali
フォーマット: Printed Book
言語:Malayalam
出版事項: Kottayam : S.P.C.S. , 1985.
LEADER 00439nam a2200133Ia 4500
008 150624b xxu||||| |||| 00| | mal d
082 |a 808.068 
100 |a Maali 
245 |c Maali  |a Padinjaaran baalakadhakal / 
260 |a Kottayam :  |b S.P.C.S. ,  |c 1985. 
546 |a In Malayalam. 
942 |c BK 
999 |c 80155  |d 80155 
952 |0 1  |1 0  |4 0  |6 808_068000000000000_MAL_P  |7 0  |9 80099  |a UL  |b UL  |c ST1  |d 1998-09-15  |l 0  |o 808.068 MAL/P  |p 55703  |r 2012-10-27  |w 2012-10-27  |y BK